Melody in songwriting : tools and techniques for writing hit songs (Record no. 368)

MARC details
000 -LEADER
fixed length control field 00786nam a2200205 a 4500
008 - FIXED-LENGTH DATA ELEMENTS--GENERAL INFORMATION
fixed length control field 141003s2000 ||||||||||||||||| || u
010 ## - LIBRARY OF CONGRESS CONTROL NUMBER
LC control number 2001280499
020 ## - INTERNATIONAL STANDARD BOOK NUMBER
International Standard Book Number 063400638X
050 ## - LIBRARY OF CONGRESS CALL NUMBER
Classification number 782.42 Per
100 ## - MAIN ENTRY--PERSONAL NAME
Personal name Perricone, Jack
245 10 - TITLE STATEMENT
Title Melody in songwriting : tools and techniques for writing hit songs
Statement of responsibility, etc. Jack Perricone.
260 ## - PUBLICATION, DISTRIBUTION, ETC.
Place of publication, distribution, etc. Boston, MA : Milwaukee, Wis.
Name of publisher, distributor, etc. Berklee Press
Date of publication, distribution, etc. 2000
260 ## - PUBLICATION, DISTRIBUTION, ETC.
Place of publication, distribution, etc. Boston, MA : Milwaukee, Wis.
Name of publisher, distributor, etc. Distributed by Hal Leonard
Date of publication, distribution, etc. 2000
300 ## - PHYSICAL DESCRIPTION
Extent ix, 180 p. : music
490 ## -
-- Berklee guide
500 ## - GENERAL NOTE
General note Includes index.
650 #0 - SUBJECT ADDED ENTRY--TOPICAL TERM
Topical term or geographic name entry element Popular music - Writing and publishing
995 ## -
-- AMERICAN CORNER
-- 0108274
-- CBU-DAG HAMMARSKJOLD INSTITUTE LIBRARY
-- 782.42 Per
-- 1
-- AVAILABLE
-- Oct 3, 2014
-- 0108274
-- American Collection
999 ## -
-- 368
-- 368
Holdings
Withdrawn status Lost status Source of classification or shelving scheme Damaged status Not for loan Permanent Location Current Location Shelving location Date acquired Total Checkouts Full call number Barcode Date last seen Price effective from Koha item type
          CBU-DAG HAMMARSKJOLD INSTITUTE CBU-DAG HAMMARSKJOLD INSTITUTE   11/28/2022   782.42 Per 0108274 11/28/2022 11/28/2022 MONOGRAPH